[Event "World Chess Olympiad 2018"]
[Site "Batumi"]
[Date "2018.09.28"]
[Round "5"]
[Board "4"]
[WhiteFideId "13201727"]
[White "Kang Taehyung"]
[BlackFideId "2301318"]
[Black "Kjartansson Gudmundur"]
[Result "0-1"]
[LiveChessVersion "1.4.8"]
[BlackElo "2428"]
[WhiteElo "1860"]

1. e4 {[%clk 1:30:51]} c5 {[%clk 1:30:52]} 2. Nf3 {[%clk 1:31:17]} Nc6
{[%clk 1:31:17]} 3. d4 {[%clk 1:31:44]} cxd4 {[%clk 1:31:42]} 4. Nxd4
{[%clk 1:32:10]} e6 {[%clk 1:30:42]} 5. Nb5 {[%clk 1:31:48]} d6 {[%clk 1:31:02]}
6. c4 {[%clk 1:32:13]} Nf6 {[%clk 1:31:21]} 7. N1c3 {[%clk 1:32:32]} a6
{[%clk 1:31:32]} 8. Na3 {[%clk 1:32:56]} Be7 {[%clk 1:30:42]} 9. Be2
{[%clk 1:32:58]} O-O {[%clk 1:31:03]} 10. O-O {[%clk 1:32:26]} b6
{[%clk 1:31:17]} 11. Bf4 {[%clk 1:32:19]} Bb7 {[%clk 1:30:21]} 12. Bg3
{[%clk 1:22:14]} Rc8 {[%clk 1:27:49]} 13. Rc1 {[%clk 1:21:01]} Nb8
{[%clk 1:16:25]} 14. Bd3 {[%clk 1:10:48]} Nbd7 {[%clk 1:13:08]} 15. Nc2
{[%clk 1:07:38]} Nc5 {[%clk 1:12:19]} 16. Re1 {[%clk 1:07:12]} Nh5
{[%clk 1:00:25]} 17. b4 {[%clk 1:02:14]} Nxd3 {[%clk 0:59:41]} 18. Qxd3
{[%clk 1:02:37]} Qc7 {[%clk 0:53:13]} 19. Ne3 {[%clk 1:01:51]} Rfd8
{[%clk 0:53:27]} 20. Qe2 {[%clk 0:57:22]} Nxg3 {[%clk 0:53:45]} 21. hxg3
{[%clk 0:57:44]} Bf6 {[%clk 0:51:41]} 22. f3 {[%clk 0:49:35]} Be5
{[%clk 0:46:42]} 23. g4 {[%clk 0:39:42]} Bd4 {[%clk 0:26:57]} 24. Qd3
{[%clk 0:36:42]} Qxc4 {[%clk 0:24:31]} 25. Red1 {[%clk 0:31:31]} Qxd3
{[%clk 0:18:43]} 26. Rxd3 {[%clk 0:31:55]} Rc4 {[%clk 0:17:27]} 27. Ne2
{[%clk 0:29:07]} Rxc1+ {[%clk 0:13:37]} 28. Nxc1 {[%clk 0:29:14]} Bf6
{[%clk 0:07:01]} 29. Nb3 {[%clk 0:28:54]} Kf8 {[%clk 0:05:44]} 30. Nc4
{[%clk 0:26:34]} d5 {[%clk 0:05:11]} 31. exd5 {[%clk 0:25:07]} Bxd5
{[%clk 0:04:11]} 32. Nxb6 {[%clk 0:24:58]} Bxb3 {[%clk 0:04:25]} 0-1

[Event "World Chess Olympiad 2018"]
[Site "Batumi"]
[Date "2018.09.28"]
[Round "5"]
[Board "1"]
[WhiteFideId "5201322"]
[White "Paciencia Enrique"]
[BlackFideId "8400709"]
[Black "Gavarrete Nahun"]
[Result "1/2-1/2"]
[LiveChessVersion "1.4.8"]
[BlackElo "2249"]
[WhiteElo "2335"]

1. c4 {[%clk 1:30:35]} g6 {[%clk 1:29:31]} 2. Nc3 {[%clk 1:30:12]} Bg7
{[%clk 1:30:25]} 3. g3 {[%clk 1:27:00]} d6 {[%clk 1:26:07]} 4. Bg2
{[%clk 1:25:19]} Nf6 {[%clk 1:25:31]} 5. d4 {[%clk 1:25:19]} O-O {[%clk 1:25:46]}
6. Nf3 {[%clk 1:25:25]} c6 {[%clk 1:24:48]} 7. O-O {[%clk 1:21:07]} Qa5
{[%clk 1:23:12]} 8. h3 {[%clk 1:19:02]} Be6 {[%clk 1:22:14]} 9. Qd3
{[%clk 1:17:57]} Qa6 {[%clk 1:20:43]} 10. b3 {[%clk 1:17:08]} d5 {[%clk 1:19:59]}
11. Ne5 {[%clk 1:14:47]} dxc4 {[%clk 1:15:25]} 12. Nxc4 {[%clk 1:11:45]} Rd8
{[%clk 1:06:51]} 13. Bb2 {[%clk 1:07:42]} Nfd7 {[%clk 0:54:47]} 14. Ne4
{[%clk 0:54:50]} Bxc4 {[%clk 0:41:54]} 15. bxc4 {[%clk 0:40:49]} c5
{[%clk 0:27:16]} 16. e3 {[%clk 0:30:03]} Nc6 {[%clk 0:27:37]} 17. Rab1
{[%clk 0:28:46]} cxd4 {[%clk 0:26:53]} 18. exd4 {[%clk 0:27:10]} Nde5
{[%clk 0:25:40]} 19. Qb3 {[%clk 0:21:49]} Nxd4 {[%clk 0:23:11]} 20. Bxd4
{[%clk 0:20:22]} Rxd4 {[%clk 0:23:37]} 21. Qxb7 {[%clk 0:20:03]} Qxb7
{[%clk 0:21:55]} 22. Rxb7 {[%clk 0:20:31]} Rxc4 {[%clk 0:17:58]} 23. Rxe7
{[%clk 0:20:36]} Kf8 {[%clk 0:17:54]} 24. Rb7 {[%clk 0:19:22]} Rd8
{[%clk 0:15:56]} 25. Ng5 {[%clk 0:15:59]} h6 {[%clk 0:15:30]} 26. f4
{[%clk 0:14:21]} Rd7 {[%clk 0:13:42]} 27. fxe5 {[%clk 0:11:46]} Rxb7
{[%clk 0:14:03]} 28. Bxb7 {[%clk 0:09:11]} hxg5 {[%clk 0:14:20]} 29. Bd5
{[%clk 0:09:22]} Rc7 {[%clk 0:14:30]} 30. e6 {[%clk 0:09:15]} Bd4+
{[%clk 0:14:50]} 31. Kg2 {[%clk 0:08:47]} f5 {[%clk 0:15:12]} 32. Bb3
{[%clk 0:08:59]} Ke7 {[%clk 0:14:53]} 33. Rd1 {[%clk 0:08:08]} Be5
{[%clk 0:15:11]} 34. Rd3 {[%clk 0:07:46]} Bd6 {[%clk 0:15:19]} 35. Kf3
{[%clk 0:07:39]} Rc1 {[%clk 0:14:30]} 1/2-1/2

[Event "World Chess Olympiad 2018"]
[Site "Batumi"]
[Date "2018.09.28"]
[Round "5"]
[Board "2"]
[WhiteFideId "8401411"]
[White "Miliam Escobar David Isaac"]
[BlackFideId "8602425"]
[Black "Gong Qianyun"]
[Result "0-1"]
[LiveChessVersion "1.4.8"]
[BlackElo "2321"]
[WhiteElo "1787"]

1. e4 {[%clk 1:30:57]} e6 {[%clk 1:30:52]} 2. d4 {[%clk 1:31:17]} d5
{[%clk 1:31:16]} 3. exd5 {[%clk 1:31:30]} exd5 {[%clk 1:31:42]} 4. c4
{[%clk 1:31:19]} Nf6 {[%clk 1:31:10]} 5. Nc3 {[%clk 1:30:52]} Be7
{[%clk 1:29:56]} 6. Nf3 {[%clk 1:30:48]} O-O {[%clk 1:29:40]} 7. cxd5
{[%clk 1:30:07]} Nxd5 {[%clk 1:29:39]} 8. Bc4 {[%clk 1:27:05]} Be6
{[%clk 1:22:31]} 9. Qb3 {[%clk 1:21:35]} c6 {[%clk 0:52:31]} 10. Bxd5
{[%clk 0:59:36]} cxd5 {[%clk 0:41:48]} 11. Qxb7 {[%clk 0:59:17]} Nd7
{[%clk 0:42:13]} 12. Nxd5 {[%clk 0:52:43]} Qa5+ {[%clk 0:38:04]} 13. Nc3
{[%clk 0:53:03]} Rab8 {[%clk 0:38:28]} 14. Qe4 {[%clk 0:52:45]} Bc4
{[%clk 0:37:17]} 15. Ne5 {[%clk 0:46:35]} Nxe5 {[%clk 0:37:05]} 16. dxe5
{[%clk 0:46:16]} Ba6 {[%clk 0:37:27]} 17. a3 {[%clk 0:42:08]} Rfe8
{[%clk 0:37:15]} 18. f4 {[%clk 0:38:12]} Bh4+ {[%clk 0:36:02]} 19. g3
{[%clk 0:33:24]} Bb7 {[%clk 0:34:21]} 20. Qe2 {[%clk 0:32:41]} Bxh1
{[%clk 0:32:49]} 21. gxh4 {[%clk 0:32:54]} f6 {[%clk 0:29:43]} 22. b4
{[%clk 0:32:01]} Qc7 {[%clk 0:28:16]} 23. Nb5 {[%clk 0:31:24]} Qc6
{[%clk 0:25:54]} 24. Nd6 {[%clk 0:30:53]} Re6 {[%clk 0:25:15]} 25. Bb2
{[%clk 0:30:56]} fxe5 {[%clk 0:23:11]} 26. fxe5 {[%clk 0:28:28]} Rd8
{[%clk 0:16:03]} 27. Rd1 {[%clk 0:26:33]} Bd5 {[%clk 0:13:25]} 28. b5
{[%clk 0:26:00]} Qc5 {[%clk 0:12:43]} 29. Rc1 {[%clk 0:23:48]} Qb6
{[%clk 0:12:59]} 30. Nc4 {[%clk 0:13:27]} Qg1+ {[%clk 0:12:22]} 31. Qf1
{[%clk 0:13:47]} Qxh2 {[%clk 0:12:47]} 32. Nd2 {[%clk 0:12:22]} Qxh4+
{[%clk 0:11:16]} 33. Qf2 {[%clk 0:12:37]} Qh5 {[%clk 0:11:23]} 34. Rc7
{[%clk 0:11:19]} Rxe5+ {[%clk 0:11:19]} 0-1

[Event "World Chess Olympiad 2018"]
[Site "Batumi"]
[Date "2018.09.28"]
[Round "5"]
[Board "3"]
[WhiteFideId "5804167"]
[White "Lee Qing Aun"]
[BlackFideId "8400555"]
[Black "Miller Marlon"]
[Result "1/2-1/2"]
[LiveChessVersion "1.4.8"]
[BlackElo "2028"]
[WhiteElo "2297"]

1. e4 {[%clk 1:30:08]} e6 {[%clk 1:30:37]} 2. d4 {[%clk 1:30:21]} d5
{[%clk 1:31:02]} 3. Nd2 {[%clk 1:30:29]} c5 {[%clk 1:31:24]} 4. exd5
{[%clk 1:30:33]} exd5 {[%clk 1:31:47]} 5. Ngf3 {[%clk 1:30:36]} Nf6
{[%clk 1:32:10]} 6. Bb5+ {[%clk 1:30:42]} Nc6 {[%clk 1:26:57]} 7. O-O
{[%clk 1:30:20]} Be7 {[%clk 1:27:19]} 8. dxc5 {[%clk 1:29:49]} O-O
{[%clk 1:27:21]} 9. Nb3 {[%clk 1:20:24]} Ne4 {[%clk 1:25:32]} 10. Bxc6
{[%clk 1:16:54]} bxc6 {[%clk 1:25:54]} 11. Ne5 {[%clk 1:17:04]} Qc7
{[%clk 1:24:41]} 12. Nd3 {[%clk 1:16:16]} Ba6 {[%clk 1:19:20]} 13. Be3
{[%clk 1:16:00]} Bc4 {[%clk 1:05:45]} 14. Re1 {[%clk 1:12:18]} a5
{[%clk 0:54:20]} 15. Qc1 {[%clk 0:53:52]} a4 {[%clk 0:45:48]} 16. Nd2
{[%clk 0:52:52]} Nxd2 {[%clk 0:35:01]} 17. Qxd2 {[%clk 0:52:48]} Bf6
{[%clk 0:35:12]} 18. Bf4 {[%clk 0:48:51]} Qa7 {[%clk 0:32:34]} 19. Bd6
{[%clk 0:42:08]} Rfe8 {[%clk 0:32:58]} 20. Rxe8+ {[%clk 0:42:27]} Rxe8
{[%clk 0:33:22]} 21. Re1 {[%clk 0:42:50]} Qa8 {[%clk 0:25:02]} 22. b3
{[%clk 0:40:46]} axb3 {[%clk 0:22:25]} 23. axb3 {[%clk 0:41:04]} Bb5
{[%clk 0:20:32]} 24. h3 {[%clk 0:39:09]} h6 {[%clk 0:19:57]} 25. Be5
{[%clk 0:38:19]} Bxd3 {[%clk 0:18:40]} 26. Bxf6 {[%clk 0:38:42]} Rxe1+
{[%clk 0:18:48]} 27. Qxe1 {[%clk 0:39:11]} Bxc2 {[%clk 0:19:05]} 28. Bb2
{[%clk 0:27:52]} Bg6 {[%clk 0:16:49]} 29. b4 {[%clk 0:28:07]} Qc8
{[%clk 0:16:04]} 30. b5 {[%clk 0:25:08]} cxb5 {[%clk 0:15:25]} 31. Qe5
{[%clk 0:25:36]} f6 {[%clk 0:15:48]} 32. Qxd5+ {[%clk 0:26:05]} Bf7
{[%clk 0:16:13]} 33. Qd6 {[%clk 0:26:17]} Be8 {[%clk 0:15:47]} 34. Qd5+
{[%clk 0:26:31]} Bf7 {[%clk 0:16:12]} 35. Qd6 {[%clk 0:26:51]} Be8
{[%clk 0:16:37]} 36. Qd5+ {[%clk 0:26:01]} 1/2-1/2

[Event "World Chess Olympiad 2018"]
[Site "Batumi"]
[Date "2018.09.28"]
[Round "5"]
[Board "4"]
[WhiteFideId "8400342"]
[White "Medina Viana Ricardo"]
[BlackFideId "5804809"]
[Black "Lee Jun Wei"]
[Result "0-1"]
[LiveChessVersion "1.4.8"]
[BlackElo "2134"]
[WhiteElo "2048"]

1. e4 {[%clk 1:30:52]} e6 {[%clk 1:30:51]} 2. d4 {[%clk 1:31:15]} d5
{[%clk 1:31:13]} 3. Nc3 {[%clk 1:31:23]} Nf6 {[%clk 1:31:19]} 4. e5
{[%clk 1:31:35]} Nfd7 {[%clk 1:31:34]} 5. Nce2 {[%clk 1:31:58]} c5
{[%clk 1:31:25]} 6. c3 {[%clk 1:32:22]} Nc6 {[%clk 1:31:22]} 7. f4
{[%clk 1:32:15]} cxd4 {[%clk 1:29:33]} 8. cxd4 {[%clk 1:32:32]} f5
{[%clk 1:25:34]} 9. Nf3 {[%clk 1:26:49]} Nb6 {[%clk 1:24:24]} 10. a3
{[%clk 1:19:05]} a5 {[%clk 1:22:14]} 11. Nc3 {[%clk 1:19:20]} Be7
{[%clk 1:20:32]} 12. Be2 {[%clk 1:18:09]} Bd7 {[%clk 1:15:32]} 13. O-O
{[%clk 1:18:02]} a4 {[%clk 1:13:36]} 14. Bb5 {[%clk 1:13:04]} O-O
{[%clk 1:09:23]} 15. Re1 {[%clk 1:08:57]} Qe8 {[%clk 1:01:28]} 16. Nxa4
{[%clk 0:55:18]} Nxa4 {[%clk 1:01:33]} 17. Bxa4 {[%clk 0:55:40]} Nxd4
{[%clk 0:59:42]} 18. Bxd7 {[%clk 0:55:07]} Nxf3+ {[%clk 1:00:04]} 19. Qxf3
{[%clk 0:54:32]} Qxd7 {[%clk 1:00:33]} 20. Qb3 {[%clk 0:53:48]} Rfc8
{[%clk 0:56:46]} 21. Bd2 {[%clk 0:50:08]} Rc4 {[%clk 0:55:50]} 22. Rac1
{[%clk 0:41:37]} b5 {[%clk 0:53:41]} 23. Rxc4 {[%clk 0:35:25]} bxc4
{[%clk 0:52:36]} 24. Qc2 {[%clk 0:32:50]} Rc8 {[%clk 0:47:13]} 25. Be3
{[%clk 0:24:14]} d4 {[%clk 0:42:48]} 26. Bf2 {[%clk 0:24:22]} Qd5
{[%clk 0:41:53]} 27. Rd1 {[%clk 0:18:30]} Bc5 {[%clk 0:40:29]} 28. Kf1
{[%clk 0:14:10]} Rb8 {[%clk 0:33:38]} 29. Qd2 {[%clk 0:07:05]} d3
{[%clk 0:32:30]} 30. h3 {[%clk 0:03:23]} Bxf2 {[%clk 0:30:55]} 31. Qxf2
{[%clk 0:03:40]} Qb5 {[%clk 0:31:13]} 32. Rd2 {[%clk 0:03:27]} Qa5
{[%clk 0:28:58]} 33. Kg1 {[%clk 0:03:35]} h6 {[%clk 0:27:29]} 34. Qe3
{[%clk 0:03:00]} Rd8 {[%clk 0:25:38]} 35. Kh2 {[%clk 0:03:08]} Rd5
{[%clk 0:25:04]} 36. h4 {[%clk 0:03:09]} Qd8 {[%clk 0:24:34]} 37. g3
{[%clk 0:02:50]} Rd4 {[%clk 0:23:47]} 38. Qf2 {[%clk 0:02:04]} Qd5
{[%clk 0:22:28]} 39. Kg1 {[%clk 0:02:09]} Re4 {[%clk 0:22:00]} 40. Kh2
{[%clk 0:32:23]} Qb5 {[%clk 0:51:04]} 41. Kg1 {[%clk 0:32:47]} Kh7
{[%clk 0:50:27]} 42. Kg2 {[%clk 0:27:30]} Qb3 {[%clk 0:48:03]} 43. Qf1
{[%clk 0:11:23]} Re3 {[%clk 0:44:10]} 44. Qf2 {[%clk 0:06:53]} Qb7+
{[%clk 0:44:01]} 45. Kh2 {[%clk 0:07:17]} Qe4 {[%clk 0:43:53]} 46. a4
{[%clk 0:07:23]} Re1 {[%clk 0:43:17]} 47. Qg2 {[%clk 0:07:43]} Re2
{[%clk 0:43:29]} 0-1

[Event "World Chess Olympiad 2018"]
[Site "Batumi"]
[Date "2018.09.28"]
[Round "5"]
[Board "1"]
[WhiteFideId "7300069"]
[White "Reyes Najera Carlos A."]
[BlackFideId "5122279"]
[Black "Cofre Archibold Nestor"]
[Result "0-1"]
[LiveChessVersion "1.4.8"]
[BlackElo "2346"]
[WhiteElo "2149"]

1. d4 {[%clk 1:30:53]} Nf6 {[%clk 1:30:40]} 2. Nf3 {[%clk 1:31:13]} e6
{[%clk 1:30:49]} 3. c4 {[%clk 1:31:14]} Bb4+ {[%clk 1:31:08]} 4. Nbd2
{[%clk 1:31:39]} O-O {[%clk 1:31:26]} 5. a3 {[%clk 1:32:02]} Be7 {[%clk 1:31:48]}
6. e4 {[%clk 1:32:11]} d5 {[%clk 1:32:15]} 7. Bd3 {[%clk 1:29:00]} Nbd7
{[%clk 1:21:42]} 8. cxd5 {[%clk 1:26:05]} exd5 {[%clk 1:22:05]} 9. e5
{[%clk 1:26:33]} Ne8 {[%clk 1:21:44]} 10. Qc2 {[%clk 1:26:43]} g6
{[%clk 1:19:39]} 11. b4 {[%clk 1:22:16]} Ng7 {[%clk 1:17:58]} 12. Nf1
{[%clk 1:21:32]} a5 {[%clk 1:16:59]} 13. b5 {[%clk 1:19:52]} Nb6 {[%clk 1:10:38]}
14. Ne3 {[%clk 1:18:19]} Be6 {[%clk 1:10:00]} 15. O-O Qd7 {[%clk 1:07:16]} 16. a4
{[%clk 1:05:44]} Rfc8 {[%clk 1:06:58]} 17. Ba3 {[%clk 1:05:07]} Bxa3
{[%clk 0:39:23]} 18. Rxa3 {[%clk 1:05:28]} c5 {[%clk 0:38:02]} 19. dxc5
{[%clk 0:54:29]} d4 {[%clk 0:35:20]} 20. Nd1 {[%clk 0:54:21]} Bd5
{[%clk 0:34:37]} 21. Qe2 {[%clk 0:33:00]} Bxf3 {[%clk 0:33:35]} 22. Qxf3
{[%clk 0:33:11]} Rxc5 {[%clk 0:34:01]} 23. Be4 {[%clk 0:32:58]} Nc4
{[%clk 0:26:53]} 24. Ra2 {[%clk 0:23:25]} Nxe5 {[%clk 0:27:09]} 25. Qf6
{[%clk 0:23:53]} Ne6 {[%clk 0:19:17]} 26. h3 Nc4 27. f4 {[%clk 0:12:41]} Nd6
{[%clk 0:10:50]} 28. Nf2 {[%clk 0:11:35]} Qd8 {[%clk 0:08:42]} 29. Qxd8+
{[%clk 0:09:07]} Rxd8 {[%clk 0:09:07]} 30. g3 {[%clk 0:09:36]} Rc3
{[%clk 0:09:13]} 31. Kh2 Nc5 {[%clk 0:09:36]} 32. Bg2 {[%clk 0:09:07]} Nf5
{[%clk 0:09:31]} 33. g4 {[%clk 0:07:43]} Ne3 {[%clk 0:09:25]} 34. Re1
{[%clk 0:08:07]} Kg7 {[%clk 0:07:54]} 35. Ne4 {[%clk 0:07:45]} Nxe4
{[%clk 0:07:34]} 36. Bxe4 {[%clk 0:08:14]} Re8 37. Bxb7 {[%clk 0:04:55]} Nxg4+
{[%clk 0:08:08]} 38. hxg4 {[%clk 0:05:14]} Rxe1 {[%clk 0:08:36]} 39. Bg2
{[%clk 0:05:38]} d3 {[%clk 0:08:28]} 40. b6 {[%clk 0:35:57]} Rb1 {[%clk 0:38:48]}
41. b7 {[%clk 0:36:14]} Rc2 {[%clk 0:39:14]} 42. Ra1 {[%clk 0:36:37]} Rbb2
{[%clk 0:39:34]} 43. Rg1 {[%clk 0:36:23]} Rxb7 {[%clk 0:39:58]} 44. Kg3
{[%clk 0:36:44]} Rb3 {[%clk 0:40:12]} 0-1

[Event "World Chess Olympiad 2018"]
[Site "Batumi"]
[Date "2018.09.28"]
[Round "5"]
[Board "2"]
[WhiteFideId "5107407"]
[White "Rojas Alarcon Julian Antonio"]
[BlackFideId "7300662"]
[Black "Cu Hor Winston Darwin"]
[Result "1-0"]
[LiveChessVersion "1.4.8"]
[BlackElo "2319"]
[WhiteElo "2387"]

1. d4 {[%clk 1:30:55]} Nf6 {[%clk 1:30:55]} 2. c4 {[%clk 1:31:19]} e6
{[%clk 1:31:19]} 3. Nf3 {[%clk 1:31:38]} d5 {[%clk 1:31:39]} 4. g3
{[%clk 1:32:03]} Be7 {[%clk 1:29:30]} 5. Bg2 {[%clk 1:32:25]} O-O
{[%clk 1:29:54]} 6. O-O {[%clk 1:32:49]} dxc4 {[%clk 1:29:42]} 7. Qc2
{[%clk 1:33:05]} a6 {[%clk 1:28:48]} 8. a4 {[%clk 1:29:54]} Nbd7 {[%clk 1:29:12]}
9. Nbd2 {[%clk 1:24:46]} c5 {[%clk 1:24:58]} 10. Rd1 {[%clk 1:24:40]} c3
{[%clk 1:16:22]} 11. bxc3 {[%clk 1:22:00]} Qc7 {[%clk 1:15:43]} 12. Nc4
{[%clk 1:18:51]} cxd4 {[%clk 1:12:32]} 13. cxd4 {[%clk 1:19:15]} Nb6
{[%clk 1:11:56]} 14. Nfe5 {[%clk 1:12:56]} Bd7 {[%clk 0:55:40]} 15. Bf4
{[%clk 0:38:01]} Nfd5 {[%clk 0:38:49]} 16. Nxd7 {[%clk 0:34:57]} Qxd7
{[%clk 0:37:42]} 17. Ne5 {[%clk 0:29:10]} Qc8 {[%clk 0:34:47]} 18. Qb3
{[%clk 0:28:33]} Qc3 {[%clk 0:27:12]} 19. Qb1 {[%clk 0:20:47]} a5
{[%clk 0:22:30]} 20. Qb5 {[%clk 0:16:13]} Qb4 {[%clk 0:17:34]} 21. Qd3
{[%clk 0:14:33]} Rac8 {[%clk 0:11:38]} 22. Bd2 {[%clk 0:14:43]} Qd6
{[%clk 0:11:28]} 23. Bxa5 {[%clk 0:15:09]} f6 {[%clk 0:11:51]} 24. Bxb6
{[%clk 0:15:04]} Nxb6 {[%clk 0:04:57]} 25. Nf3 {[%clk 0:15:21]} Nc4
{[%clk 0:04:06]} 26. Rab1 {[%clk 0:12:23]} Rc7 {[%clk 0:03:30]} 27. Nd2
{[%clk 0:10:57]} Nxd2 {[%clk 0:02:59]} 28. Rxd2 {[%clk 0:11:25]} Ra8
{[%clk 0:03:15]} 29. Ra2 {[%clk 0:06:29]} Ra7 {[%clk 0:02:04]} 30. e3
{[%clk 0:06:34]} Qd7 {[%clk 0:02:06]} 31. Qb3 {[%clk 0:06:23]} Kf8
{[%clk 0:01:25]} 32. h4 {[%clk 0:06:43]} Qc8 {[%clk 0:01:08]} 33. Kh2
{[%clk 0:06:40]} Bd6 {[%clk 0:01:01]} 34. Qb5 {[%clk 0:02:05]} Qe8
{[%clk 0:00:37]} 35. a5 {[%clk 0:01:12]} Qxb5 {[%clk 0:00:49]} 36. Rxb5
{[%clk 0:01:42]} Ke7 {[%clk 0:00:47]} 37. Rab2 {[%clk 0:02:06]} e5
{[%clk 0:00:42]} 38. Bxb7 {[%clk 0:01:56]} exd4 {[%clk 0:00:55]} 39. exd4
{[%clk 0:02:23]} Rc4 {[%clk 0:01:05]} 40. Rd2 {[%clk 0:32:19]} Bb4
{[%clk 0:30:36]} 41. Re2+ {[%clk 0:32:44]} Kf8 {[%clk 0:29:30]} 42. a6
{[%clk 0:32:42]} Rxd4 {[%clk 0:29:44]} 43. Kg2 {[%clk 0:31:13]} Be7
{[%clk 0:27:47]} 44. Rb1 {[%clk 0:30:45]} Rd7 {[%clk 0:27:33]} 45. Rc2
{[%clk 0:29:51]} Rd6 {[%clk 0:26:29]} 46. Rbb2 {[%clk 0:28:53]} Kf7
{[%clk 0:23:09]} 47. Rd2 {[%clk 0:29:03]} Raxa6 {[%clk 0:17:18]} 48. Bxa6
{[%clk 0:29:27]} Rxa6 {[%clk 0:17:44]} 49. Rb7 {[%clk 0:29:53]} Re6
{[%clk 0:17:09]} 50. g4 {[%clk 0:23:04]} f5 {[%clk 0:12:10]} 51. gxf5
{[%clk 0:22:33]} Re5 {[%clk 0:12:33]} 52. Kg3 {[%clk 0:22:56]} Kf6
{[%clk 0:12:21]} 53. Rdd7 {[%clk 0:18:59]} Re1 {[%clk 0:12:49]} 54. Kf4
{[%clk 0:17:50]} Re2 {[%clk 0:11:08]} 55. f3 {[%clk 0:18:13]} Re1
{[%clk 0:09:42]} 56. h5 {[%clk 0:18:33]} h6 {[%clk 0:09:44]} 57. Rb6+
{[%clk 0:17:46]} Kf7 {[%clk 0:09:59]} 58. Rdb7 {[%clk 0:16:41]} Kf8
{[%clk 0:09:41]} 59. Re6 {[%clk 0:14:58]} Bg5+ {[%clk 0:10:09]} 60. Kg3
{[%clk 0:15:21]} Rg1+ {[%clk 0:10:35]} 61. Kf2 {[%clk 0:15:34]} Ra1
{[%clk 0:10:13]} 62. Rc6 {[%clk 0:15:49]} Kg8 {[%clk 0:08:41]} 63. Rc8+
{[%clk 0:15:47]} Kh7 {[%clk 0:08:49]} 64. Rbb8 {[%clk 0:16:10]} 1-0

[Event "World Chess Olympiad 2018"]
[Site "Batumi"]
[Date "2018.09.28"]
[Round "5"]
[Board "3"]
[WhiteFideId "7300220"]
[White "Ortiz Q Johnny Alexander"]
[BlackFideId "5105439"]
[Black "Dominguez Aguilar Guillermo"]
[Result "1/2-1/2"]
[LiveChessVersion "1.4.8"]
[BlackElo "2324"]
[WhiteElo "2207"]

1. e4 {[%clk 1:30:57]} c5 {[%clk 1:30:49]} 2. Nf3 {[%clk 1:31:21]} Nc6
{[%clk 1:31:04]} 3. d4 {[%clk 1:31:34]} cxd4 {[%clk 1:31:25]} 4. Nxd4
{[%clk 1:31:59]} Qb6 {[%clk 1:30:52]} 5. Nb3 {[%clk 1:32:20]} Nf6
{[%clk 1:31:12]} 6. Nc3 {[%clk 1:32:17]} e6 {[%clk 1:31:36]} 7. Bd3
{[%clk 1:32:14]} Ne5 {[%clk 1:21:24]} 8. Be3 {[%clk 1:13:37]} Qc7
{[%clk 1:15:38]} 9. f4 {[%clk 1:04:10]} Nxd3+ {[%clk 1:06:33]} 10. Qxd3
{[%clk 1:04:04]} a6 {[%clk 1:04:59]} 11. e5 {[%clk 0:54:28]} Ng4 {[%clk 1:04:29]}
12. Bd4 {[%clk 0:54:35]} b5 {[%clk 1:00:05]} 13. Qf3 {[%clk 0:52:11]} b4
{[%clk 0:55:18]} 14. Ne2 {[%clk 0:47:20]} Bb7 {[%clk 0:54:22]} 15. Qxg4
{[%clk 0:47:37]} Qxc2 {[%clk 0:54:46]} 16. Rc1 {[%clk 0:44:04]} Qe4
{[%clk 0:54:36]} 17. Kf2 {[%clk 0:43:45]} Bd5 {[%clk 0:49:52]} 18. Nd2
{[%clk 0:37:24]} Qd3 {[%clk 0:49:56]} 19. Qg3 {[%clk 0:37:25]} Qb5
{[%clk 0:49:49]} 20. Qe3 {[%clk 0:36:32]} a5 {[%clk 0:49:21]} 21. Rc2
{[%clk 0:32:54]} Be7 {[%clk 0:47:49]} 22. b3 {[%clk 0:29:09]} a4 {[%clk 0:47:50]}
23. Nc4 {[%clk 0:28:40]} axb3 {[%clk 0:47:54]} 24. axb3 {[%clk 0:29:05]} O-O
{[%clk 0:47:35]} 25. Nb6 {[%clk 0:28:37]} Bh4+ {[%clk 0:46:26]} 26. Ng3
{[%clk 0:24:43]} Ra3 {[%clk 0:46:50]} 27. Nxd5 {[%clk 0:23:54]} Qxd5
{[%clk 0:47:14]} 28. Rb1 {[%clk 0:22:55]} f6 {[%clk 0:47:31]} 29. exf6
{[%clk 0:20:34]} gxf6 {[%clk 0:47:28]} 30. Kg1 {[%clk 0:17:53]} d6
{[%clk 0:47:55]} 31. Qe4 {[%clk 0:14:47]} Rxb3 {[%clk 0:48:10]} 32. Rxb3
{[%clk 0:11:29]} Qxb3 {[%clk 0:48:34]} 33. Rc7 {[%clk 0:08:15]} Rf7
{[%clk 0:48:16]} 34. Rxf7 {[%clk 0:07:04]} Kxf7 {[%clk 0:48:27]} 35. Qxh7+
{[%clk 0:04:36]} Kf8 {[%clk 0:48:44]} 36. Qh8+ {[%clk 0:03:59]} Kf7
{[%clk 0:49:00]} 37. Qh7+ {[%clk 0:04:00]} Kf8 {[%clk 0:49:23]} 38. Nf1
{[%clk 0:04:15]} Qd5 {[%clk 0:49:36]} 39. Qa7 {[%clk 0:03:43]} e5
{[%clk 0:49:27]} 40. fxe5 {[%clk 0:33:06]} fxe5 {[%clk 1:19:55]} 41. Bb2
{[%clk 0:27:55]} Qb3 {[%clk 1:18:04]} 42. Qb8+ {[%clk 0:26:25]} Kf7
{[%clk 1:15:43]} 43. Qc7+ {[%clk 0:25:41]} Be7 {[%clk 1:15:34]} 44. Qc1
{[%clk 0:24:44]} Ke6 {[%clk 1:15:36]} 45. Qc8+ {[%clk 0:15:16]} Kf7
{[%clk 1:16:03]} 46. Bc1 {[%clk 0:14:17]} Qd1 {[%clk 1:15:53]} 47. Qf5+
{[%clk 0:13:45]} Ke8 {[%clk 1:16:08]} 48. Bb2 {[%clk 0:10:42]} Bd8
{[%clk 1:08:23]} 49. Qg6+ {[%clk 0:06:24]} Ke7 {[%clk 1:03:53]} 50. Qg7+
{[%clk 0:05:27]} Ke6 {[%clk 1:03:43]} 51. Qh6+ {[%clk 0:03:16]} Kd7
{[%clk 1:03:49]} 52. Qe3 {[%clk 0:02:26]} Qb1 {[%clk 1:02:35]} 53. Qe2
{[%clk 0:01:05]} Bb6+ {[%clk 1:02:25]} 54. Kh1 {[%clk 0:01:31]} Bd4
{[%clk 0:58:41]} 55. Bxd4 {[%clk 0:01:59]} exd4 {[%clk 0:59:04]} 56. Kg1
{[%clk 0:01:05]} d3 {[%clk 0:59:30]} 57. Qg4+ {[%clk 0:00:33]} Kc6
{[%clk 0:59:28]} 58. Qc4+ {[%clk 0:00:46]} Kb6 {[%clk 0:59:53]} 59. Qd4+
{[%clk 0:00:32]} Kc6 {[%clk 0:59:43]} 1/2-1/2

[Event "World Chess Olympiad 2018"]
[Site "Batumi"]
[Date "2018.09.28"]
[Round "5"]
[Board "4"]
[WhiteFideId "5110491"]
[White "Garcia Almaguer Juan Manuel"]
[BlackFideId "7300239"]
[Black "Lorenzana Wilson Estuardo"]
[Result "1/2-1/2"]
[LiveChessVersion "1.4.8"]
[BlackElo "2292"]
[WhiteElo "2229"]

1. d4 {[%clk 1:30:56]} Nf6 {[%clk 1:30:51]} 2. c4 {[%clk 1:30:46]} g6
{[%clk 1:31:12]} 3. g3 {[%clk 1:31:11]} Bg7 {[%clk 1:31:27]} 4. Bg2
{[%clk 1:31:35]} O-O {[%clk 1:31:16]} 5. Nc3 {[%clk 1:31:33]} d6 {[%clk 1:31:34]}
6. Nf3 {[%clk 1:31:55]} a6 {[%clk 1:31:59]} 7. O-O {[%clk 1:31:58]} Nc6
{[%clk 1:32:24]} 8. d5 {[%clk 1:26:44]} Na7 {[%clk 1:32:47]} 9. Be3
{[%clk 1:22:51]} c5 {[%clk 1:31:55]} 10. dxc6 {[%clk 1:21:37]} Nxc6
{[%clk 1:32:17]} 11. Nd5 {[%clk 1:15:37]} Bg4 {[%clk 1:17:09]} 12. Nb6
{[%clk 1:00:48]} Rb8 {[%clk 1:16:54]} 13. Rc1 {[%clk 1:00:56]} Nd7
{[%clk 1:15:15]} 14. Qb3 {[%clk 0:59:21]} Na5 {[%clk 1:07:55]} 15. Qb4
{[%clk 0:59:19]} Nc6 {[%clk 1:08:14]} 16. Qb3 {[%clk 0:59:41]} Na5
{[%clk 1:02:38]} 17. Qb4 {[%clk 0:58:11]} Nc6 {[%clk 1:03:01]} 18. Qb3
{[%clk 0:58:35]} Na5 1/2-1/2